| 000 | 00753nam a2200229 i 4500 | ||
|---|---|---|---|
| 001 | 65460 | ||
| 003 | ES-MaACL | ||
| 005 | 20250804062533.0 | ||
| 007 | t| | ||
| 008 | 040113s1967 sp ||||1| spa d | ||
| 100 | 1 |
_aFreud, Sigmund, _d1856-1939 _952547 |
|
| 245 | 1 | 0 |
_aPsicopatología de la vida cotidiana / _cSigmund Freud ; [traductor, Luis López-Ballesteros y de Torres]. |
| 250 | _a[2ª ed.]. | ||
| 260 |
_aMadrid : _bAlianza, _c[1967] |
||
| 300 |
_a319 p. ; _c18 cm. |
||
| 490 | 1 |
_aEl libro de bolsillo ; _v19 |
|
| 700 | 1 |
_aLópez-Ballesteros y de Torres, Luis. _973432 |
|
| 830 | 0 | 3 |
_aEl libro de bolsillo _v19 _9177802 |
| 852 |
_aES-MaACL _jC-33880 _bR.64797 |
||
| 852 |
_aES-MaACL _jC-34273 _bR.64751 |
||
| 999 |
_c65460 _d65460 |
||